书目信息 |
| 题名: |
对外汉语教学论文选评
|
|
| 作者: | 刘珣 , 张旺熹 , 施家炜 主编 | |
| 分册: | 第二集(1991-2004) | |
| 出版信息: | 北京 北京语言大学出版社 2008.12 |
|
| 页数: | 445页 | |
| 开本: | 23cm | |
| 丛书名: | 对外汉语教学专业教材系列 | |
| 单 册: | ||
| 中图分类: | H195.1 | |
| 科图分类: | ||
| 主题词: | 对外汉语教学--dui wai han yu jiao xue--教学研究--文集 | |
| 电子资源: | ||
| ISBN: | 978-7-5619-2263-7 | |
| 000 | 01233nam 2200301 450 | |
| 001 | 012009761125 | |
| 005 | 20090916174511.42 | |
| 010 | @a978-7-5619-2263-7@dCNY58.00 | |
| 100 | @a20090916d2008 em y0chiy0120 ea | |
| 101 | 0 | @achi |
| 102 | @aCN@b110000 | |
| 105 | @ay a 000yy | |
| 106 | @ar | |
| 200 | 1 | @a对外汉语教学论文选评@Adui wai han yu jiao xue lun wen xuan ping@h第二集(1991-2004)@v上@f刘珣, 张旺熹, 施家炜主编@Fliu xun,zhang wang xi,shi jia wei zhu bian |
| 210 | @a北京@c北京语言大学出版社@d2008.12 | |
| 215 | @a445页@d23cm | |
| 225 | 2 | @a对外汉语教学专业教材系列@Adui wai han yu jiao xue zhuan ye jiao cai xi lie |
| 300 | @a北京语言大学对外汉语教材研发中心规划项目 | |
| 320 | @a有书目 | |
| 330 | @a本书包括总论和汉语学习两六部分,每个部分有“导读”,每篇论文后有“简评”,对各领域的研究概况进行了简要综述,还对所选文章在各自领域内的学术地位及学术价值作了相对客观的介绍。 | |
| 410 | 0 | @12001 @a对外汉语教学专业教材系列 |
| 606 | 0 | @a对外汉语教学@Adui wai han yu jiao xue@x教学研究@j文集 |
| 690 | @aH195.1@v4 | |
| 701 | 0 | @a刘珣@Aliu xun@4主编 |
| 701 | 0 | @a张旺熹@Azhang wang xi@4主编 |
| 701 | 0 | @a施家炜@Ashi jia wei@4主编 |
| 801 | 0 | @aCN@bQSSK@c20090916 |
| 905 | @b751963-65@dH195.1@eL695:2(1)@f3 | |
| 对外汉语教学论文选评.第二集(1991-2004)/刘珣, 张旺熹, 施家炜主编.-北京:北京语言大学出版社,2008.12 |
| 445页;23cm.-(对外汉语教学专业教材系列) |
| 北京语言大学对外汉语教材研发中心规划项目 |
| ISBN 978-7-5619-2263-7:CNY58.00 |
| 本书包括总论和汉语学习两六部分,每个部分有“导读”,每篇论文后有“简评”,对各领域的研究概况进行了简要综述,还对所选文章在各自领域内的学术地位及学术价值作了相对客观的介绍。 |
| ● |
| 相关链接 |
|
|
|
正题名:对外汉语教学论文选评
索取号:H195.1/L695:2(1)
 
预约/预借
| 序号 | 登录号 | 条形码 | 馆藏地/架位号 | 状态 | 备注 |
| 1 | 751963 | 207519639 | 语言库209/209语言库 78排3列2层/ [索取号:H195.1/L695:2(1)] | 在馆 | |
| 2 | 751964 | 207519648 | 语言库209/209语言库 78排3列2层/ [索取号:H195.1/L695:2(1)] | 在馆 | |
| 3 | 751965 | 207519657 | 语言库209/209语言库 78排3列2层/ [索取号:H195.1/L695:2(1)] | 在馆 |